Democracy in America. (Record no. 41970)
[ view plain ]
| 000 -LEADER | |
|---|---|
| fixed length control field | 00931cam a22002891 4500 |
| 001 - CONTROL NUMBER | |
| control field | 8387497 |
| 003 - CONTROL NUMBER IDENTIFIER | |
| control field | OSt |
| 005 - DATE AND TIME OF LATEST TRANSACTION | |
| control field | 20221221130659.0 |
| 008 - FIXED-LENGTH DATA ELEMENTS--GENERAL INFORMATION | |
| fixed length control field | 721117s1954 xx 000 0 eng |
| 010 ## - LIBRARY OF CONGRESS CONTROL NUMBER | |
| LC control number | 54012057 |
| 035 ## - SYSTEM CONTROL NUMBER | |
| System control number | (OCoLC)497897 |
| 040 ## - CATALOGING SOURCE | |
| Original cataloging agency | DLC |
| Transcribing agency | ODaWU |
| Modifying agency | OCoLC |
| -- | DLC |
| 041 1# - LANGUAGE CODE | |
| Language code of text/sound track or separate title | eng |
| Language code of original | fre |
| 050 00 - LIBRARY OF CONGRESS CALL NUMBER | |
| Classification number | JK216 |
| Item number | T56 |
| 100 1# - MAIN ENTRY--PERSONAL NAME | |
| Personal name | Tocqueville, Alexis de, |
| Dates associated with a name | 1945 |
| 9 (RLIN) | 10548 |
| 240 10 - UNIFORM TITLE | |
| Uniform title | De la démocratie en Amérique. |
| Language of a work | English |
| 245 10 - TITLE STATEMENT | |
| Title | Democracy in America. |
| 260 ## - PUBLICATION, DISTRIBUTION, ETC. | |
| Place of publication, distribution, etc. | New York, |
| Name of publisher, distributor, etc. | Vintage Books, |
| Date of publication, distribution, etc. | 1954 [c1945] |
| 300 ## - PHYSICAL DESCRIPTION | |
| Extent | 2 v. |
| 490 0# - SERIES STATEMENT | |
| Series statement | A Vintage book, K-5A--K-5B |
| 504 ## - BIBLIOGRAPHY, ETC. NOTE | |
| Bibliography, etc. note | "A bibliography of items relating to Democracy in America and its author": v. 2, p.[510]-518. |
| 650 #0 - SUBJECT ADDED ENTRY--TOPICAL TERM | |
| Topical term or geographic name entry element | Democracy. |
| 9 (RLIN) | 473 |
| 651 #0 - SUBJECT ADDED ENTRY--GEOGRAPHIC NAME | |
| Geographic name | United States |
| General subdivision | Politics and government. |
| 9 (RLIN) | 4238 |
| 651 #0 - SUBJECT ADDED ENTRY--GEOGRAPHIC NAME | |
| Geographic name | United States |
| General subdivision | Social conditions. |
| 9 (RLIN) | 677 |
| 906 ## - LOCAL DATA ELEMENT F, LDF (RLIN) | |
| a | 7 |
| b | cbc |
| c | oclcrpl |
| d | u |
| e | ncip |
| f | 19 |
| g | y-gencatlg |
| 942 ## - ADDED ENTRY ELEMENTS (KOHA) | |
| Source of classification or shelving scheme | Library of Congress Classification |
| Koha item type | Books |
No items available.